Boys and girls learn differently : (Record no. 1136)
[ view plain ]
| 000 -LEADER | |
|---|---|
| fixed length control field | 02016cam a2200397 a 4500 |
| 003 - CONTROL NUMBER IDENTIFIER | |
| control field | OSt |
| 005 - DATE AND TIME OF LATEST TRANSACTION | |
| control field | 20210624071304.0 |
| 008 - FIXED-LENGTH DATA ELEMENTS--GENERAL INFORMATION | |
| fixed length control field | 000920s2001 cau b 001 0 eng d |
| 020 ## - INTERNATIONAL STANDARD BOOK NUMBER | |
| International Standard Book Number | 0787953431 (alk. paper) |
| 020 ## - INTERNATIONAL STANDARD BOOK NUMBER | |
| International Standard Book Number | 0787961175 (pbk.) |
| 040 ## - CATALOGING SOURCE | |
| Transcribing agency | DLC |
| 042 ## - AUTHENTICATION CODE | |
| Authentication code | pcc |
| 043 ## - GEOGRAPHIC AREA CODE | |
| Geographic area code | n-us--- |
| 050 00 - LIBRARY OF CONGRESS CALL NUMBER | |
| Classification number | LC212.92 |
| Item number | .G87 2001 |
| 090 ## - LOCALLY ASSIGNED LC-TYPE CALL NUMBER (OCLC); LOCAL CALL NUMBER (RLIN) | |
| Classification number (OCLC) (R) ; Classification number, CALL (RLIN) (NR) | 370.151 GUR |
| 100 1# - MAIN ENTRY--PERSONAL NAME | |
| Personal name | Gurian, Michael. |
| 245 10 - TITLE STATEMENT | |
| Title | Boys and girls learn differently : |
| Remainder of title | a guide for teachers and parents / |
| Statement of responsibility, etc. | Michael Gurian and Patricia Henley with Terry Trueman. |
| 250 ## - EDITION STATEMENT | |
| Edition statement | First edition |
| 260 ## - PUBLICATION, DISTRIBUTION, ETC. | |
| Place of publication, distribution, etc. | San Francisco : |
| Name of publisher, distributor, etc. | Jossey-Bass, |
| Date of publication, distribution, etc. | c2001. |
| 300 ## - PHYSICAL DESCRIPTION | |
| Extent | xvi, 345 pages ; |
| Dimensions | 24 cm. |
| 336 ## - CONTENT TYPE | |
| Content type term | text |
| Content type code | txt |
| Source | rdacontent |
| 337 ## - MEDIA TYPE | |
| Media type term | unmediated |
| Media type code | n |
| Source | rdamedia |
| 338 ## - CARRIER TYPE | |
| Carrier type term | volume |
| Carrier type code | nc |
| Source | rdacarrier |
| 504 ## - BIBLIOGRAPHY, ETC. NOTE | |
| Bibliography, etc. note | Includes bibliographical references (p. [315]-329) and index. |
| 650 #0 - SUBJECT ADDED ENTRY--TOPICAL TERM | |
| Topical term or geographic name entry element | Sex differences in education |
| Geographic subdivision | United States |
| Form subdivision | Case studies. |
| 650 #0 - SUBJECT ADDED ENTRY--TOPICAL TERM | |
| Topical term or geographic name entry element | Educational change |
| Geographic subdivision | United States |
| Form subdivision | Case studies. |
| 700 1# - ADDED ENTRY--PERSONAL NAME | |
| Personal name | Henley, Patricia, |
| Dates associated with a name | 1944- |
| 700 1# - ADDED ENTRY--PERSONAL NAME | |
| Personal name | Trueman, Terry. |
| 906 ## - LOCAL DATA ELEMENT F, LDF (RLIN) | |
| a | ACD:0:9 |
| -- | AD:2:7 |
| -- | AG:0:14 |
| -- | AH:0:3 |
| -- | AL:0:1 |
| -- | AN:1:4 |
| -- | BB:5:2 |
| -- | BC:0:1 |
| -- | BD:0:7 |
| -- | BE:1:8 |
| -- | BF:1:9 |
| -- | BL:0:7 |
| -- | BR:4:20 |
| -- | BRW:0:1 |
| -- | BUR:0:3 |
| -- | BY:0:10 |
| -- | CC:0:3 |
| -- | CE:0:3 |
| -- | CED:1:10 |
| -- | CH:1:4 |
| -- | CL:2:20 |
| -- | CS:0:3 |
| -- | DA:0:17 |
| -- | DM:2:15 |
| -- | DO:0:3 |
| -- | DP:0:7 |
| -- | DT:0:2 |
| -- | DU:0:1 |
| -- | EA:1:9 |
| -- | EB:0:2 |
| -- | EG:0:1 |
| -- | ES:0:2 |
| -- | FH:2:0 |
| -- | FV:0:6 |
| -- | GE:0:2 |
| -- | GHP:0:1 |
| -- | HB:0:7 |
| -- | HC:0:7 |
| -- | HIL:0:4 |
| -- | HP:0:1 |
| -- | HW:1:0 |
| -- | JD:0:10 |
| -- | JO:0:1 |
| -- | JS:0:1 |
| -- | KE:0:1 |
| -- | LB:0:2 |
| -- | LE:2:7 |
| -- | LO:1:11 |
| -- | LS:1:13 |
| -- | MA:6:13 |
| -- | MAL:1:6 |
| -- | MAS:0:2 |
| -- | MCG:0:1 |
| -- | MI:1:1 |
| -- | MP:0:5 |
| -- | MRV:0:1 |
| -- | MS:1:2 |
| -- | ND:0:3 |
| -- | NE:0:1 |
| -- | PA:0:23 |
| -- | PE:0:2 |
| -- | PK:0:1 |
| -- | PL:0:1 |
| -- | PM:1:6 |
| -- | PR:0:29 |
| -- | PU:0:1 |
| -- | PV:0:5 |
| -- | QS:1:0 |
| -- | RD:0:10 |
| -- | RI:1:14 |
| -- | RN:3:6 |
| -- | RS:26:107 |
| -- | RX:0:2 |
| -- | SA:0:2 |
| -- | SI:1:0 |
| -- | SL:0:1 |
| -- | SP:0:2 |
| -- | ST:0:1 |
| -- | SW:0:2 |
| -- | SWS:0:7 |
| -- | TA:0:1 |
| -- | TH:0:3 |
| -- | TOD:0:1 |
| -- | TRL:0:1 |
| -- | VV:0:3 |
| -- | WP:0:8 |
| -- | WS:0:2 |
| -- | WY:1:2 |
| -- | YO:1:12 |
| -- | YW:0:1 |
| 942 ## - ADDED ENTRY ELEMENTS (KOHA) | |
| Source of classification or shelving scheme | |
| Koha item type | Book |
| Suppress in OPAC | SO |
| 948 ## - LOCAL PROCESSING INFORMATION (OCLC); SERIES PART DESIGNATOR (RLIN) | |
| Series part designator, SPT (RLIN) | 09/05/2001 |
| b (OCLC) | 13/04/2007 |
| Withdrawn status | Lost status | Source of classification or shelving scheme | Damaged status | Not for loan | Permanent Location | Current Location | Shelving location | Date acquired | Total Checkouts | Full call number | Barcode | Date last seen | Price effective from | Koha item type | Public note |
|---|---|---|---|---|---|---|---|---|---|---|---|---|---|---|---|
| AU LIBRARY | AU LIBRARY | Open Shelf | 24.06.2021 | LC212.92 .G87 2001 | 28002629 | 24.06.2021 | 24.06.2021 | Book | SO |